• Droz, Jacques,

di Personal Name

Records bibliografici associati: 2

001 - CONTROL NUMBER

  • control field: 34750

003 - CONTROL NUMBER IDENTIFIER

  • control field: IT-RoINE

005 - DATE AND TIME OF LATEST TRANSACTION

  • control field: 20170525053551.0

008 - FIXED-LENGTH DATA ELEMENTS

  • fixed length control field: 170525|| aca||aabn | a|a d

040 ## - CATALOGING SOURCE

  • Original cataloging agency: IT-RoINE
  • Transcribing agency: IT-RoINE

100 ## - HEADING--PERSONAL NAME

  • Personal name: Droz, Jacques,
  • Dates associated with a name: 1909-1998

670 ## - SOURCE DATA FOUND

  • Source citation: Work cat.: (IT-RoINE)0: Droz, Jacques, 1909-1998, Historia del socialismo /, [1968]